000 00919cam a2200313 4500
008 090401t1997 xxu||||| |||| 00| 0 eng d
020 _a0854068171
035 _a(Sirsi) u68029
041 _aeng
050 _a692.8
090 _aRICS 1997/10ABCD
100 _aCollins, Simon
245 4 _aThe effect of competitive tendering on value in construction.
260 _aLondon
_bRICS
_c1997
300 _a23,9p. ; 30cm.
350 _a7.95
490 _aRICS Foundation Research Papers
_v2(5)
650 _aBUILT ENVIRONMENT-BUILDING CONTRACT FORMS
650 _aCOMPETITIVE TENDERING
650 _aNEGOTIATED CONTRACTS
650 _aSELCTIVE TENDERING
650 _aTENDERING
650 _aVALUE FOR MONEY
690 _aBUILT ENVIRONMENT-BUILDING CONTRACT FORMS
700 _aPasquire, Christine
710 _aRoyal Institution of Chartered Surveyors
_94900
942 _n0
948 _c04/03/1997
999 _c95064
_d95064